| 000 | 01563nam a2200385 a 4500 | ||
|---|---|---|---|
| 001 | ebr10674885 | ||
| 003 | CaPaEBR | ||
| 006 | m u | ||
| 007 | cr cn||||||||| | ||
| 008 | 090701s2009 nyub sb 001 0 eng d | ||
| 010 | _z 2009284762 | ||
| 020 | _z9781617281297 (e-book) | ||
| 020 | _z9781606924433 (hbk.) | ||
| 020 | _z1606924435 (hbk.) | ||
| 040 |
_aCaPaEBR _cCaPaEBR |
||
| 035 | _a(OCoLC)663121443 | ||
| 043 |
_an-us--- _af------ |
||
| 050 | 1 | 4 |
_aUA26.A35 _bA47 2009eb |
| 245 | 0 | 0 |
_aAFRICOM _h[electronic resource] : _bsecurity, development, and humanitarian functions / _cRussell L. Barkely, editor. |
| 246 | 3 | 0 | _aAFRICOM, security, development, and humanitarian functions |
| 260 |
_aNew York : _bNova Science Publishers, _cc2009. |
||
| 300 |
_avi, 151 p. : _bmaps. |
||
| 504 | _aIncludes bibliographical references and index. | ||
| 533 |
_aElectronic reproduction. _bPalo Alto, Calif. : _cebrary, _d2013. _nAvailable via World Wide Web. _nAccess may be limited to ebrary affiliated libraries. |
||
| 610 | 1 | 0 |
_aUnited States. _bAfrica Command. |
| 651 | 0 |
_aUnited States _xArmed Forces _zAfrica. |
|
| 651 | 0 |
_aUnited States _xRelations _zAfrica. |
|
| 651 | 0 |
_aAfrica _xRelations _zUnited States. |
|
| 651 | 0 |
_aUnited States _xMilitary policy _xEvaluation. |
|
| 651 | 0 |
_aAfrica _xStrategic aspects. |
|
| 655 | 7 |
_aElectronic books. _2local |
|
| 700 | 1 | _aBarkely, Russell L. | |
| 710 | 2 | _aebrary, Inc. | |
| 856 | 4 | 0 |
_uhttp://site.ebrary.com/lib/rucke/Doc?id=10674885 _zAn electronic book accessible through the World Wide Web; click to view |
| 999 |
_c57297 _d57297 |
||